| Tag |
First Indicator |
Second Indicator |
Subfields |
| LEADER |
00000cam a2200000 i 4500 |
| 001 |
in00005654591 |
| 008 |
240307t20242024gw ac bc 000 0deng d |
| 005 |
20250802185319.3 |
| 035 |
|
|
|a (OCoLC)on1425087660
|
| 040 |
|
|
|a YDX
|b eng
|e rda
|c YDX
|d AUXAM
|d CNNGC
|d OCLCO
|d IND
|d OHX
|d JPG
|d TEU
|d OCLCO
|d TXKAM
|d WAU
|d DGW
|d CRU
|d OCLCL
|d UND
|d QGK
|
| 020 |
|
|
|a 9783777443768
|
| 020 |
|
|
|a 377744376X
|q (Hirmer ;
|q hardback)
|
| 020 |
|
|
|a 9783860600634
|q (MdbK ;
|q hardback)
|
| 020 |
|
|
|a 386060063X
|q (MdbK ;
|q hardback)
|
| 020 |
|
|
|z 9783777443775
|q (German edition ;
|q Hirmer)
|
| 020 |
|
|
|z 9783860600613
|q (German edition ;
|q MdbK)
|
| 035 |
|
|
|a (OCoLC)1425087660
|
| 041 |
1 |
|
|a eng
|h ger
|
| 050 |
|
4 |
|a N6953.R4
|b A413 2024
|
| 082 |
1 |
4 |
|a 700
|1 https://id.oclc.org/worldcat/ddc/E3HJhxGgP6hgP3rJVVdW9rxg8G
|
| 130 |
0 |
|
|a Impuls Rembrandt.
|l English.
|
| 245 |
1 |
0 |
|a Impulse Rembrandt :
|b teacher, strategist, bestseller /
|c edited by Jan Nicolaisen and Stefan Weppelmann for the City of Leipzig ; with contributions by Dagmar Hirschfelder, Jan Nicolaisen, Sven Pabstmann and Stefan Weppelmann as well as Louise Charlotte Schmidt and Julian Galla ; [translated from German].
|
| 264 |
|
1 |
|a Munich :
|b Hirmer ;
|a Leipzig :
|b MdbK,
|c [2024]
|
| 264 |
|
4 |
|c ©2024
|
| 300 |
|
|
|a 277 pages :
|b illustrations (chiefly color), portraits ;
|c 31 cm
|
| 336 |
|
|
|a text
|b txt
|2 rdacontent
|
| 336 |
|
|
|a still image
|b sti
|2 rdacontent
|
| 337 |
|
|
|a unmediated
|b n
|2 rdamedia
|
| 338 |
|
|
|a volume
|b nc
|2 rdacarrier
|
| 500 |
|
|
|a Catalog of an exhibition held at Museum der bildenden Künste Leipzig, Germany, October 3, 2024-January 26, 2025.
|
| 504 |
|
|
|a Includes bibliographical references (pages 260-274).
|
| 505 |
0 |
|
|a Foreword and acknowledgements -- Lenders -- Rembrandt's workshop: between production facility and school of seeing / Jan Nicolaisen -- Tronies in Rembrandt's workshop practice and in the early work of his pupils / Dagmar Hirschfelder -- Staging Rembrandt: a narrative of German history and ghosts / Stefan Weppelmann -- Collecting Rembrandt: works by the master in Saxon collections of the eighteenth and nineteenth centuries / Sven Pabstmann -- Rembrand as visual director -- In the studio between artistic training and self-representation -- The landscap as studio -- Discovering the face between tronie and portrait -- Emotion and humanity in everyday life -- The Gottfried Winckler collection in Leipzig.
|
| 520 |
|
|
|a More than any other artist, the painter Rembrandt developed a charisma through the outstanding quality and originality of his works and through the organisation of his workshop. His pupils and successors continued his style as the Rembrandt "brand" with an appeal which has remained unbroken to this day. We ask: Why did Rembrandt's art affect contemporary painters as well as continuing to attract generations of collectors and present-day viewers? This magnificent volume examines not only the great master's remarkable talent for the portrayal of emotions and passions, his sketch-like openness and focus on essentials, but also his ability to pass on the particular features of his painting style while at the same time encouraging the artistic individuality of his pupils. Some 120 paintings, drawings and etchings by Rembrandt and his pupils afford a fascinating insight into Dutch painting in the 17th century. Artists: Rembrandt Harmensz van Rijn, Carel Fabritius, Ferdinand Bol, Abraham van Dijck, Govert Flinck, Aert de Gelder, Jan Lievens, et al.
|
| 600 |
0 |
0 |
|a Rembrandt Harmenszoon van Rijn,
|d 1606-1669
|x Influence
|v Exhibitions.
|
| 600 |
0 |
6 |
|a Rembrandt Harmenszoon van Rijn,
|d 1606-1669
|x Influence
|v Expositions.
|
| 655 |
|
7 |
|a exhibition catalogs.
|2 aat
|
| 655 |
|
7 |
|a Exhibition catalogs.
|2 lcgft
|
| 655 |
|
7 |
|a Catalogues d'exposition.
|2 rvmgf
|
| 700 |
1 |
|
|a Nicolaisen, Jan,
|e editor.
|1 https://id.oclc.org/worldcat/entity/E39PCjqCqxjRPKWcRmDvqYpWwC
|
| 700 |
1 |
|
|a Weppelmann, Stefan,
|e editor.
|1 https://id.oclc.org/worldcat/entity/E39PBJjdkcfYc88gPx64YQwDMP
|
| 700 |
1 |
|
|a Hirschfelder, Dagmar,
|e contributor.
|1 https://id.oclc.org/worldcat/entity/E39PBJvXdppYmwBTH7yHv9PG73
|
| 700 |
1 |
|
|a Opstelten, Bram,
|e translator.
|1 https://id.oclc.org/worldcat/entity/E39PCjCw9HmXVCKqpvW9wPC9tC
|
| 700 |
1 |
|
|a Goodrow, Gérard A.,
|e translator.
|1 https://id.oclc.org/worldcat/entity/E39PCjFXbCyPMK733Bv7hYw4hd
|
| 700 |
0 |
|
|a Rembrandt Harmenszoon van Rijn,
|d 1606-1669,
|e artist.
|
| 710 |
2 |
|
|a Museum der Bildenden Künste (Leipzig, Germany),
|e host institution.
|
| 730 |
0 |
|
|i Translation of:
|a Impuls Rembrandt.
|
| 852 |
8 |
|
|b POD
|z This title is available for the library to purchase for your use. Click the "Purchase It For Me" button to place a request. This item will take 5-10 business days to arrive.
|
| 955 |
|
|
|a Print PDA title
|
| 961 |
|
|
|m 565730
|
| 999 |
f |
f |
|s ae664381-6792-4b20-97fe-06fb2599b20f
|i 5798f23c-5abf-4d17-9b1b-546a87f53510
|t 0
|
| 952 |
f |
f |
|a Texas A&M University
|b College Station
|c Sterling C. Evans Library
|d Purchase on Demand
|t 0
|e N6953.R4 A413 2024
|h Library of Congress classification
|
| 998 |
f |
f |
|a N6953.R4 A413 2024
|t 0
|l Purchase on Demand
|